000 01264nam a2200217Ia 4500
003 OSt
005 20210428084507.0
008 210310s1965 mx gr 000 0 spa d
040 _aCO-JMCR
_cCO-JMCR
041 0 _aspa
082 0 4 _a336.02 /
_bC397m
_223
110 2 _aCentro Regional de Ayuda Técnica Agencia para el Desarrollo Internacional AID
_937220
245 1 0 _aModernización de la Administración de Rentas Públicas :
_baplicación de la cooperación técnica en el mejoramiento de la administración de rentas públicas en los gobiernos de los países en desarrollo /
_cCentro Regional de Ayuda Técnica Agencia para el Desarrollo Internacional
250 _aTercera edición
260 _aMéxico :
_bCentro Regional de Ayuda Técnica de la Agencia para el Desarrollo Internacional,
_c1965
300 _bvii, 105 páginas ;
_c23 cm.
505 0 _aEl público y el sistema de ingresos del erario -- Economías nacionales y estructuras fiscales -- Presupuesto de la renta pública -- Principales fuentes de ingresos del erario -- Administración de los programas de rentas públicas -- Ayuda técnica para la administración de la renta
650 1 4 _aRentas públicas
_915324
650 2 4 _aAdministración de impuestos
_937221
942 _2ddc
_cBK
999 _c7742
_d7742